00282pab a2200121 454500008004000000100002500040245003600065260000900101300001100110362001100121650001300132773001500145180718b2008 xxu||||| |||| 00| 0 eng d aJhunjhunwala, Bharat aReduce tax burden on common man c2008 ap.3-4. a23 Feb aTaxation aMainstream